000 00276nam a22001217a 4500
008 171025b xxu||||| |||| 00| 0 eng d
041 _aeng
080 _a311
100 _a55
101 _aSTA
245 _aELEMENTARY STATISTICS FOR BUSSINESS
_cROBERT.J
942 _2udc
_cBK
999 _c35867
_d35867